| 000 | 00995nam a2200241Ia 4500 | ||
|---|---|---|---|
| 003 | OSt | ||
| 005 | 20250710124557.0 | ||
| 008 | 191128s2014 ck a br 000 j spa d | ||
| 020 | _a9789588860343 | ||
| 040 |
_aCO-JMCR _cCO-JMCR |
||
| 041 | 0 | _aspa | |
| 082 | 0 |
_aN _bKORz |
|
| 100 | 1 |
_aKorschunow, Irina, _eautora _93574 |
|
| 245 | 1 | 3 |
_aEl zorrito abandonado / _cIrina Korschunow ; traducción Rafael Artega ; ilustraciones Patricia Rodríguez |
| 250 | _aSegunda edición | ||
| 260 |
_aBogotá : _bNorma, _c2014 |
||
| 300 |
_a48 páginas : _bilustraciones a blanco y negro ; _c20 cm. |
||
| 490 | _aTorre de papel roja | ||
| 520 | _aEl carácter de algunos de los animales del bosque se pone de manifisteo en esta historia, que muestra el sentimiento materno que se despierta en una zorra cuando encuentra a un zorrito huérfano abandonado en el bosque. | ||
| 534 | _pDer findefuchs. | ||
| 650 |
_aCuentos infantiles alemanes ; Literatura infantil alemana-- _93575 |
||
| 942 |
_2ddc _cBK |
||
| 999 |
_c3740 _d3740 |
||